000 02103 a2200349 4500
999 _c11359
_d11359
020 _a9780745341125
050 0 0 _aHQ 1190
_bVER 2021
100 1 _aVerge's, Francoise, 1952-author, translator.
_d1952-
_eauthor,
_etranslator.
245 1 2 _aA decolonial feminism /
_cFrancoise Verge's ; translated by Ashley J.Bohrer with the author.
264 1 _aLondon :
_bPluto Press,
_cc2021.
300 _axvii, 110 pages ;
336 _atext
_btxt
_2rdacontent
337 _aunmediated
_bn
_2rdamedia
338 _avolume
_bnc
_2rdacarrier
504 _aIncludes bibliographical references (pages 84-107) and index.
505 0 _aIntroduction: Invisible, they "open the city" -- Taking sides: decolonial feminism -- The evolution towards twenty-first century civilizational feminism.
520 _aVerges' manifesto argues that feminists should no longer be accomplices of capitalism, racism, colonialism and imperialism: it is time to fight the system that created the boss, built the prisons and polices women's bodies. The author grapples with the central issues in feminist debates today: from Eurocentrism and whiteness, to power, inclusion and exclusion. Delving into feminist and anti-racist histories, Verges also assesses contemporary activism, movements and struggles, including #MeToo and the Women's Strike. Centering anticolonialism and anti-racism within an intersectional Marxist feminism, the book puts forward an urgent demand to free ourselves from the capitalist, imperialist forces that oppress us. --From publisher description.
650 0 _aFeminist theory.
650 0 _aFeminist anthropology.
650 0 _aRace relations.
650 0 _aFeminism and racism.
650 0 _aPostcolonialism
_xSocial aspects.
650 6 _aRelations raciales.
650 6 _aPostcolonialisme
_xAspect social.
650 7 _aFeminism.
650 7 _aRace relations.
650 7 _aPostcolonialism
_xSocial aspects.
650 7 _aFeminist theory.
650 7 _aFeminist anthropology.
942 _2lcc
_cBK
_h1190
_iVER
_kHQ